Concise encyclopedia of materials characterization /

Salvato in:
Dettagli Bibliografici
Altri autori: Cahn, R. W. (Robert W.), 1924-2007
Natura: Libro
Lingua:inglese
Pubblicazione: Amsterdam ; Oxford Pergamon Press 2005
Edizione:2nd ed.
Soggetti:
Accesso online:Visualizza in OPAC
Tags: Aggiungi Tag
Nessun Tag, puoi essere il primo ad aggiungerne!!

MARC

LEADER 00000pam a2200000 a 4500
005 20260127134033.0
008 920318s1993 enka be 001 0 eng
010 |a 92-010673 
020 |a 0080445470 
035 |a vtls009157138 
039 9 |y 200711080849  |z mschk02 
040 |a STUSCHK1  |b slo  |c STUSCHK1 
082 0 0 |a 620.1/1/03  |2 20 
245 0 0 |a Concise encyclopedia of materials characterization /  |c editors, Robert W. Cahn 
250 |a 2nd ed. 
260 |a Amsterdam ;  |a Oxford  |b Pergamon Press  |c 2005 
300 |a xxviii, 1096 p.  |b ill.  |c 26,5 cm. 
504 |a Includes bibliographical references and index. 
650 0 |a Materials  |x Encyclopedias. 
700 1 |a Cahn, R. W.  |q (Robert W.),  |d 1924-2007. 
906 |a 7  |b cbc  |c orignew  |d 1  |e ocip  |f 19  |g y-gencatlg 
910 |a SCHK95 
919 |a 0-08-044547-0 
991 |b c-GenColl  |h TA402  |i .C659 1992  |t Copy 1  |w BOOKS 
999 |c 2581  |d 2581